|
|
|
|
| LEADER |
01003nam a2200217 a 4500 |
| 008 |
100622s1997 bg b i000 0 eng d |
| 040 |
|
|
|a BD-DhAAL
|c BD-DhAAL
|d BD-DhAAL
|
| 082 |
0 |
0 |
|a 618.2/0233
|2 21
|
| 100 |
1 |
|
|a Mannan, Ishtiaque.
|
| 245 |
1 |
0 |
|a Review of CWFP's TBA Programme /
|c by Ishtiaque Mannan and Anwara Begum.
|
| 260 |
|
|
|a Dhaka :
|b Operations and research Section,Concerned Women for Family Planning
|c 1997.
|
| 300 |
|
|
|a xi, 99 p. :
|b ill. ;
|c 24 cm.
|
| 504 |
|
|
|a Includes Bibliography (p.97-98.)
|
| 541 |
1 |
|
|e 00006193
|
| 650 |
|
0 |
|a Traditional Birth Attendants
|
| 650 |
|
0 |
|a Midwifery
|
| 700 |
1 |
|
|a Begum,Anwara
|
| 852 |
4 |
|
|a Ayesha Abed Library
|j General shelf
|
| 999 |
|
|
|c 9050
|d 9050
|
| 952 |
|
|
|0 0
|1 0
|2 ddc
|4 0
|6 618_202330000000000_MAN_1997
|7 0
|9 11206
|a BRACUL
|b BRACUL
|c GEN
|d 2010-06-23
|l 0
|o 618.20233 MAN
|p 3010006193
|r 2010-06-23
|t 1
|w 2010-06-23
|y BK
|
| 952 |
|
|
|0 0
|1 0
|2 ddc
|4 0
|6 618_202330000000000_MAN_1997
|7 0
|9 11239
|a BRACUL
|b BRACUL
|c GEN
|d 2010-06-24
|l 0
|o 618.20233 MAN
|p 3010006192
|r 2010-06-24
|t 2
|w 2010-06-24
|y BK
|